AS I THINK (Record no. 79471)

MARC details
000 -LEADER
fixed length control field 00420nam a2200181Ia 4500
008 - FIXED-LENGTH DATA ELEMENTS--GENERAL INFORMATION
fixed length control field 090123s9999 xx 000 0 und d
082 ## - DEWEY DECIMAL CLASSIFICATION NUMBER
Item number 41396
100 ## - MAIN ENTRY--PERSONAL NAME
Personal name SWAMI CHINMAYANAND
245 ## - TITLE STATEMENT
Title AS I THINK
250 ## - EDITION STATEMENT
Edition statement 0
260 ## - PUBLICATION, DISTRIBUTION, ETC. (IMPRINT)
Name of publisher, distributor, etc SENTRAL CHINMAY MISSION TRUST
300 ## - PHYSICAL DESCRIPTION
Extent 49
600 ## - SUBJECT ADDED ENTRY--PERSONAL NAME
Personal name SWAMI CHINMAYANAND
630 ## - SUBJECT ADDED ENTRY--UNIFORM TITLE
Uniform title AS I THINK
700 ## - ADDED ENTRY--PERSONAL NAME
Personal name SWAMI CHINMAYANAND
730 ## - ADDED ENTRY--UNIFORM TITLE
Uniform title AS I THINK
942 ## - ADDED ENTRY ELEMENTS (KOHA)
Koha item type Book
Holdings
Withdrawn status Lost status Damaged status Not for loan Home library Current library Date acquired Cost, normal purchase price Total Checkouts Full call number Barcode Date last seen Cost, replacement price Price effective from Koha item type
        Jawahar Wachalanalaya, Kalwa Jawahar Wachalanalaya, Kalwa 07/19/2007 0.00   41396 KLW-41396 01/23/2009 0.00 01/23/2009 Book